Statistieken voor Top 500 Meisjesnamen 2022

Klik hier om de quiz te nemen!

Algemene statistieken

  • Deze quiz is 57 keer genomen
  • De gemiddelde score is 68 van 500

Antwoordstatistieken

HintAntwoord% Correct
EEmma
77%
MMaria
77%
AAnna
69%
MMarie
69%
JJulia
62%
JJulie
62%
OOlivia
62%
AAnne
54%
F
54%
LLisa
54%
BBo
46%
EEllis
46%
EEmilie
46%
EEmily
46%
EEva
46%
LLien
46%
LLot
46%
LLott
46%
LLotte
46%
MMaan
46%
NNoa
46%
SSaar
46%
SSophie
46%
BBeau
38%
EElisa
38%
IIsa
38%
JJanne
38%
LLilly
38%
LLise
38%
LLize
38%
LLola
38%
LLuna
38%
MMadelief
38%
NNaomi
38%
RRosa
38%
SSam
38%
SSammie
38%
SSanne
38%
SSara
38%
SSarah
38%
AAlice
31%
AAlicia
31%
AAmalia
31%
DDani
31%
EElin
31%
EElisabeth
31%
FFatima
31%
FFem
31%
FFemke
31%
FFleur
31%
HHanna
31%
HHannah
31%
IIsabel
31%
IIsabella
31%
JJade
31%
JJenna
31%
JJuliette
31%
JJuliëtte
31%
LLena
31%
LLia
31%
LLieke
31%
LLieve
31%
LLiv
31%
LLiz
31%
LLucie
31%
LLucy
31%
MMara
31%
MMarit
31%
MMerel
31%
MMia
31%
NNina
31%
NNoë
31%
NNoé
31%
NNoor
31%
NNora
31%
RRosie
31%
SSofia
31%
SSofie
31%
SSophia
31%
AAriana
23%
BBobbie
23%
CCharlotte
23%
DDaphne
23%
DDemi
23%
EEliz
23%
EEliza
23%
EElla
23%
EEsmee
23%
EEsmée
23%
EEsther
23%
EEvi
23%
FFay
23%
FFenna
23%
IIsabelle
23%
JJanna
23%
JJente
23%
JJessie
23%
JJohanna
23%
JJolie
23%
JJolien
23%
JJune
23%
LLana
23%
LLara
23%
LLayla
23%
LLeyla
23%
LLila
23%
LLivia
23%
LLiza
23%
LLoes
23%
LLotta
23%
MMaud
23%
MMila
23%
MMillie
23%
MMilly
23%
MMirthe
23%
NNoëlla
23%
NNoëlle
23%
NNorah
23%
PPleun
23%
RRomy
23%
RRose
23%
SSenna
23%
YYara
23%
ZZahra
23%
ZZara
23%
ZZoë
23%
AAbbey
15%
AAbby
15%
AAbigail
15%
AAda
15%
AAisha
15%
AAlina
15%
AAmber
15%
AAmelia
15%
AAnouk
15%
AAva
15%
BBella
15%
BBelle
15%
BBente
15%
BBenthe
15%
BBibi
15%
BBobbi
15%
BBritt
15%
CCéline
15%
CCeline
15%
CChloe
15%
CChloé
15%
CChloë
15%
CClaire
15%
DDonna
15%
EElena
15%
EEline
15%
EElizabeth
15%
EEllie
15%
EEmmy
15%
EEvelien
15%
EEvie
15%
EEvy
15%
FFaye
15%
FFenne
15%
FFien
15%
FFlo
15%
FFloor
15%
FFloortje
15%
GGuusje
15%
HHana
15%
HHanne
15%
HHelena
15%
HHolly
15%
IIda
15%
IIris
15%
IIse
15%
IIsra
15%
JJana
15%
JJane
15%
JJara
15%
JJasmijn
15%
JJill
15%
JJip
15%
JJosephine
15%
JJoy
15%
JJule
15%
JJuna
15%
JJuul
15%
KKate
15%
KKiki
15%
KKlara
15%
LLaura
15%
LLaure
15%
LLauren
15%
LLea
15%
LLeah
15%
LLente
15%
LLily
15%
LLina
15%
LLinne
15%
LLiva
15%
LLizz
15%
LLizzie
15%
LLizzy
15%
LLoïs
15%
LLois
15%
LLorèn
15%
LLou
15%
LLouise
15%
MMae
15%
MMaeve
15%
MMira
15%
MMirre
15%
NNadia
15%
NNienke
15%
NNoémi
15%
NNoortje
15%
RRoos
15%
SSterre
15%
SSuze
15%
TTess
15%
TTessa
15%
VValerie
15%
VVanessa
15%
VVeerle
15%
VVera
15%
VVictoria
15%
YYade
15%
YYasmin
15%
YYasmine
15%
ZZoey
15%
AAdriana
8%
AAimée
8%
AAmélie
8%
AAmelie
8%
AAmira
8%
AAmy
8%
AAurelia
8%
AAya
8%
BBowie
8%
CCharlie
8%
CCleo
8%
CCoco
8%
DDana
8%
DDefne
8%
DDiana
8%
DDina
8%
EEleonora
8%
EElina
8%
LElise
8%
EElize
8%
EEmilia
8%
FFae
8%
FFallon
8%
FFarah
8%
FFayèn
8%
FFieke
8%
FFiene
8%
FFilou
8%
FFlora
8%
FFlore
8%
FFreya
8%
FFrida
8%
GGaia
8%
GGigi
8%
GGwen
8%
HHailey
8%
HHayley
8%
HHazel
8%
IImke
8%
IInaya
8%
IIndy
8%
IInes
8%
IIsabeau
8%
IIzzy
8%
JJasmine
8%
JJayda
8%
JJet
8%
JJette
8%
JJinte
8%
JJinthe
8%
JJoëlle
8%
JJolijn
8%
JJosefien
8%
JJula
8%
KKato
8%
KKaya
8%
KKaylee
8%
KKira
8%
KKyra
8%
LLeia
8%
LLexi
8%
LLexie
8%
LLiana
8%
LLiene
8%
LLinde
8%
LLinn
8%
LLoa
8%
LLoua
8%
LLoué
8%
LLouèn
8%
LLua
8%
LLune
8%
LLydia
8%
LLynn
8%
MMaartje
8%
MMadée
8%
MMare
8%
MMariam
8%
MMarwa
8%
MMaxime
8%
MMayra
8%
MMelody
8%
MMerle
8%
MMette
8%
MMeyra
8%
MMikky
8%
MMiley
8%
MMilou
8%
MMina
8%
MMinte
8%
MMyla
8%
MMyrthe
8%
NNela
8%
NNena
8%
NNeva
8%
NNiene
8%
NNikki
8%
NNine
8%
NNinthe
8%
NNola
8%
NNore
8%
NNova
8%
NNové
8%
OOumayra
8%
PPhilou
8%
PPien
8%
PPuck
8%
PPuk
8%
RRiver
8%
RRobin
8%
RRomee
8%
RRomée
8%
RRosalie
8%
RRoxy
8%
SSelina
8%
SSilke
8%
SSoof
8%
SStella
8%
SSuus
8%
TTara
8%
TTeddy
8%
TThirza
8%
TTirza
8%
VVajèn
8%
VVayèn
8%
YYarah
8%
YYuna
8%
ZZeynep
8%
ZZiva
8%
ZZuzanna
8%
AAaliyah
0%
AAlaïa
0%
AAlba
0%
AAlexandra
0%
AAliya
0%
AAliyah
0%
AAlma
0%
AAlya
0%
AAlyssa
0%
AAmanah
0%
AAmani
0%
AAmara
0%
AAmaya
0%
AAmina
0%
AArya
0%
AAsel
0%
AAsiya
0%
AAsya
0%
AAurora
0%
AAyah
0%
AAyla
0%
AAylin
0%
AAzra
0%
BBillie
0%
CCataleya
0%
CCatharina
0%
CCato
0%
CCeylin
0%
CChiara
0%
CCornelia
0%
DDaisy
0%
DDavina
0%
DDiede
0%
D
Doris
0%
DDua
0%
EEef
0%
EEefje
0%
EEla
0%
EEleanor
0%
EEliana
0%
EElif
0%
EElodie
0%
EElynn
0%
EEslem
0%
FFebe
0%
FFeline
0%
FFéline
0%
FFiep
0%
FFlorine
0%
GGiulia
0%
HHafsa
0%
HHendrika
0%
HHidaya
0%
IInara
0%
IIvy
0%
JJackie
0%
JJailey
0%
JJaimy
0%
JJaydi
0%
JJazz
0%
JJazzlyn
0%
JJennah
0%
JJuun
0%
KKaat
0%
KKae
0%
KKayla
0%
KKeet
0%
KKenza
0%
KKes
0%
KKiara
0%
LLaurie
0%
LLayan
0%
LLeya
0%
LLiliana
0%
LLiya
0%
LLiyana
0%
LLova
0%
LLuus
0%
MMacy
0%
MMaja
0%
MMalou
0%
MMarley
0%
MMarlie
0%
MMarly
0%
MMaryam
0%
MMaya
0%
MMayla
0%
MMaysa
0%
MMedina
0%
MMelina
0%
MMeryem
0%
MMeva
0%
MMihra
0%
MMilana
0%
MMilena
0%
MMiya
0%
NNaleya
0%
NNaya
0%
NNayeli
0%
NNayla
0%
NNeeltje
0%
NNeyla
0%
NNila
0%
NNisa
0%
NNiya
0%
NNoï
0%
NNori
0%
NNour
0%
NNourayn
0%
NNovée
0%
NNovi
0%
NNowi
0%
NNynke
0%
PPip
0%
PPippa
0%
RRhodé
0%
RRiley
0%
RRuby
0%
SSafa
0%
SSafae
0%
SSafiya
0%
SSalomé
0%
SSare
0%
SScottie
0%
SSena
0%
SSidra
0%
SSienna
0%
SSkye
0%
TTalia
0%
VValentina
0%
VVéda
0%
VVesper
0%
VVieve
0%
VVive
0%
WWies
0%
YYana
0%
YYfke
0%
YYinthe
0%
ZZaya
0%
ZZofia
0%

Scoreverdeling

Percentiel versus Aantal Correcte Antwoorden

Procent van Mensen met Elke Score

Uw Scoregeschiedenis

U heeft deze quiz nog niet genomen